Sports Quiz

Random Sports or NHL Quiz

60 Second Blitz: NHL Teams Quiz Stats

 Plays Quiz Updated Feb 22, 2019

Score 0/31 Timer 01:00
11 Plays Today
% Correct
New York Rangers
80.6%
Detroit Red Wings
76%
Pittsburgh Penguins
73.9%
Montreal Canadiens
72.6%
Toronto Maple Leafs
70.5%
Vancouver Canucks
70.3%
Boston Bruins
68.2%
Florida Panthers
67.7%
Buffalo Sabres
67.6%
New Jersey Devils
67.4%
Chicago Blackhawks
67%
Edmonton Oilers
66.3%
Nashville Predators
66.2%
Los Angeles Kings
64.2%
Philadelphia Flyers
63.7%
San Jose Sharks
61.7%
% Correct
New York Islanders
61.6%
Washington Capitals
60.7%
Tampa Bay Lightning
59.6%
Calgary Flames
59.6%
Ottawa Senators
59.5%
Winnipeg Jets
58.8%
Columbus Blue Jackets
58.6%
Dallas Stars
58.1%
Anaheim Ducks
57.7%
St. Louis Blues
56.3%
Arizona Coyotes
56.1%
Carolina Hurricanes
53.9%
Minnesota Wild
53.6%
Colorado Avalanche
49.1%
Vegas Golden Knights
46.7%

You're not logged in!

Compare scores with friends on all Sporcle quizzes.
OR
Log In

Sporcle TV

Today on Sporcle TV


Watch our educational content, quiz creation guides, and fun videos on Sporcle TV.

Show Comments

Extras

Top Quizzes Today


Score Distribution

Your Account Isn't Verified!

In order to create a playlist on Sporcle, you need to verify the email address you used during registration. Go to your Sporcle Settings to finish the process.

Report this User

Report this user for behavior that violates our Community Guidelines.

Details: